000 02187cam a22003614a 4500
001 14655559
003 ARRUPE
005 20160111124447.0
008 061204s2007 iluafg b 001 0 eng
010 _a 2006100532
020 _a9780226401928 (cloth : alk. paper)
020 _a0226401928 (cloth : alk. paper)
035 _a(OCoLC)ocm76967201
035 _a(OCoLC)76967201
040 _aDLC
_cDLC
_dDLC
050 0 0 _aB105.M4
_bJ65 2007
082 0 0 _a121/.68
_222
100 1 _aJohnson, Mark,
_d1949-
_921457
245 1 4 _aThe meaning of the body :
_baesthetics of human understanding /
_cMark Johnson.
260 _aChicago :
_bUniversity of Chicago Press,
_c2007.
300 _axvii, 308 p., 2 p. of plates :
_bill. (some col.), music ;
_c24 cm.
504 _aIncludes bibliographical references (p. [285]-295) and index.
505 0 _aPreface : the need for an aesthetics of human meaning -- Introduction : meaning is more than words and deeper than concepts -- The movement of life -- Big babies -- "Since feeling is first" : emotional dimensions of meaning -- The grounding of meaning in the qualities of life -- Feeling William James's "but": the aesthetics of reasoning and logic -- The origin of meaning in organism-environment coupling : a nonrepresentational view of mind -- The corporeal roots of symbolic meaning -- The brain's role in meaning -- From embodied meaning to abstract thought -- Art as an exemplar of meaning-making -- Music and the flow of meaning -- The meaning of the body.
650 0 _aMeaning (Philosophy)
_93257
650 0 _aHuman body (Philosophy)
_921458
650 0 _aAesthetics.
_921459
856 4 1 _3Table of contents only
_uhttp://www.loc.gov/catdir/toc/ecip076/2006100532.html
856 4 2 _3Contributor biographical information
_uhttp://www.loc.gov/catdir/enhancements/fy0704/2006100532-b.html
856 4 2 _3Publisher description
_uhttp://www.loc.gov/catdir/enhancements/fy0707/2006100532-d.html
906 _a7
_bcbc
_corignew
_d1
_eecip
_f20
_gy-gencatlg
942 _2lcc
_cMONOGRAPH
999 _c123926
_d123926